000 00663nam a2200253Ia 4500
003 OSt
005 20220918201252.0
006 a|||||r|||| 00| 0
007 ta
008 220917b |||||||| |||| 00| 0 eng d
024 _a92,776
037 _cTextual
040 _aARTS
_cARTS
_beng
041 _2eng
_aeng
082 _aV1:5, L9
100 _aBatra T.S.
_997850
245 0 _aHuman rights
_b A critique
260 _aNew Delhi
_bMetroplitan
_c1979
300 _axv, 350p.
_ccm.
500 _aAppendix p241--344(1--X)
650 _aHUMAN RIGHTS; HISTORY
_94816
942 _hV1:5, L9
_cTEXL
_2CC
999 _c216427
_d216427